ESSENTIALS OF SOIL MECHANICS AND FOUNDATIONS (Record no. 18377)
[ view plain ]
| 000 -LEADER | |
|---|---|
| fixed length control field | 00368nam a22001577a 4500 |
| 003 - CONTROL NUMBER IDENTIFIER | |
| control field | SGT |
| 020 ## - INTERNATIONAL STANDARD BOOK NUMBER | |
| International Standard Book Number | 9789332542020 |
| 082 ## - DEWEY DECIMAL CLASSIFICATION NUMBER | |
| Classification number | 624.15136,MCC |
| 100 ## - MAIN ENTRY--PERSONAL NAME | |
| Personal name | MCCARTHY,DAVID F. |
| 245 ## - TITLE STATEMENT | |
| Title | ESSENTIALS OF SOIL MECHANICS AND FOUNDATIONS |
| 250 ## - EDITION STATEMENT | |
| Edition statement | 7TH |
| 260 ## - PUBLICATION, DISTRIBUTION, ETC. (IMPRINT) | |
| Place of publication, distribution, etc | CHENNAI |
| Name of publisher, distributor, etc | PEARSON |
| Year of Publication | 2015 |
| 300 ## - PAGE DESCRIPTION | |
| No. of Pages | 844 |
| 650 ## - SUBJECT ADDED ENTRY--TOPICAL TERM | |
| Topical term or geographic name as entry element | CIVIL ENGINEERING |
| 942 ## - ADDED ENTRY ELEMENTS (KOHA) | |
| Source of classification or shelving scheme | Dewey Decimal Classification |
| Koha item type | Books |
| 942 ## - ADDED ENTRY ELEMENTS (KOHA) | |
| -- | 1 |
| Withdrawn status | Lost status | Source of classification or shelving scheme | Damaged status | Not for loan | Collection code | Home library | Current library | Shelving location | Date acquired | Vendor Name | Cost, normal purchase price | SGTU | Bill Number | Total Checkouts | Full call number | Accession No. (Barcode) | Date last seen | Bill Date | Koha item type | Date last borrowed |
|---|---|---|---|---|---|---|---|---|---|---|---|---|---|---|---|---|---|---|---|---|
| Dewey Decimal Classification | ENGINEERING | SGT Engineering Library | SGT Engineering Library | Text Book | 24/06/2019 | KIRTI PRAKASHAN | 899.00 | SGTU | IN3775 | 624.15136,MCC | FE7469 | 24/06/2019 | 02/05/2019 | Books | ||||||
| Dewey Decimal Classification | ENGINEERING | SGT Engineering Library | SGT Engineering Library | Text Book | 24/06/2019 | KIRTI PRAKASHAN | 899.00 | SGTU | IN3775 | 1 | 624.15136,MCC | FE7470 | 22/02/2025 | 02/05/2019 | Books | 13/01/2025 |